00000000nas 2200000zi 4500
0019.954324
003CaOODSP
00520250820132352
006m     o  d f      
007cr |||||||||||
008250820c20249999bcc x m o    f0###a0eng|d
022 |a2818-8438
040 |aCaOODSP|beng|erda|cCaOODSP
043 |an-cn---
0861 |aFs44-1E-PDF
222 0|aRebuilding plan
24500|aRebuilding plan.
264 1|aVancouver, BC : |bFisheries Management, Fisheries and Oceans Canada, |c[2024]-
310 |aIrregular
336 |atext|btxt|2rdacontent
337 |acomputer|bc|2rdamedia
338 |aonline resource|bcr|2rdacarrier
500 |aIssued also in French under title: Plan de reconstitution.
650 0|aWildlife recovery|zCanada.
650 0|aFisheries|zCanada|zManagement.
7101 |aCanada. |bDepartment of Fisheries and Oceans, |eissuing body.
77508|tPlan de rétablissement.|w(CaOODSP)9.954328